<?xml version="1.0" encoding="UTF-8"?><?xml-stylesheet type="text/xsl" href="static/style.xsl"?><OAI-PMH xmlns="http://www.openarchives.org/OAI/2.0/" xmlns:xsi="http://www.w3.org/2001/XMLSchema-instance" xsi:schemaLocation="http://www.openarchives.org/OAI/2.0/ http://www.openarchives.org/OAI/2.0/OAI-PMH.xsd"><responseDate>2026-06-05T13:34:21Z</responseDate><request verb="GetRecord" identifier="oai:riuma.uma.es:10630/41415" metadataPrefix="marc">https://riuma.uma.es/rest/oai/request</request><GetRecord><record><header><identifier>oai:riuma.uma.es:10630/41415</identifier><datestamp>2026-02-03T11:29:06Z</datestamp><setSpec>com_10630_2254</setSpec><setSpec>col_10630_37953</setSpec></header><metadata><record xmlns="http://www.loc.gov/MARC21/slim" xmlns:dcterms="http://purl.org/dc/terms/" xmlns:doc="http://www.lyncode.com/xoai" xmlns:xsi="http://www.w3.org/2001/XMLSchema-instance" xsi:schemaLocation="http://www.loc.gov/MARC21/slim http://www.loc.gov/standards/marcxml/schema/MARC21slim.xsd">
   <leader>00925njm 22002777a 4500</leader>
   <datafield ind2=" " ind1=" " tag="042">
      <subfield code="a">dc</subfield>
   </datafield>
   <datafield ind2=" " ind1=" " tag="720">
      <subfield code="a">Torres-López, Juan</subfield>
      <subfield code="e">author</subfield>
   </datafield>
   <datafield ind2=" " ind1=" " tag="720">
      <subfield code="a">Matus López, Mauricio</subfield>
      <subfield code="e">author</subfield>
   </datafield>
   <datafield ind2=" " ind1=" " tag="720">
      <subfield code="a">Calderón-Vázquez, Francisco José</subfield>
      <subfield code="e">author</subfield>
   </datafield>
   <datafield ind2=" " ind1=" " tag="720">
      <subfield code="a">Gómez Narváez, Ana</subfield>
      <subfield code="e">author</subfield>
   </datafield>
   <datafield ind2=" " ind1=" " tag="260">
      <subfield code="c">2008</subfield>
   </datafield>
   <datafield ind2=" " ind1=" " tag="520">
      <subfield code="a">En el presente artículo se plantea una&#xd;
reflexión sobre los sesgo de género&#xd;
que se aprecian en la negociación&#xd;
colectiva de medidas o instrumentos orientados a logar la conciliación entre la vida laboral y familiar, partiendo del caso analizado en&#xd;
la Comunidad Autonómica de Andalucía.&#xd;
Esta reflexión se ha basado en el análisis&#xd;
de las connotaciones, consideraciones y contenidos de género subyacentes, implícita o&#xd;
explícitamente, en diversos aspectos de la&#xd;
negociación colectiva andaluza. Se trata,&#xd;
generalmente, de elementos poco visibles&#xd;
pero latentes y que, a nuestro juicio, tienen&#xd;
una importancia bastante significativa puesto que condicionan en gran medida la orientación y la instrumentación efectiva de la&#xd;
práctica de la conciliación laboral-familiar.</subfield>
   </datafield>
   <datafield ind1="8" ind2=" " tag="024">
      <subfield code="a">Sesgo de género en la negociación colectiva de medidas de conciliación: el caso andaluz  Juan Torres López, Mauricio Matus López, Francisco José Calderón Vázquez, Ana Gómez Narváez  Revista del Ministerio de Trabajo y Asuntos Sociales: Revista del Ministerio de Trabajo e Inmigración, ISSN 1137-5868, Nº 71, 2008 (Ejemplar dedicado a: Economía y sociología), págs. 197-209</subfield>
   </datafield>
   <datafield ind1="8" ind2=" " tag="024">
      <subfield code="a">1137-5868</subfield>
   </datafield>
   <datafield ind1="8" ind2=" " tag="024">
      <subfield code="a">https://hdl.handle.net/10630/41415</subfield>
   </datafield>
   <datafield tag="653" ind2=" " ind1=" ">
      <subfield code="a">Trabajadores - Derechos</subfield>
   </datafield>
   <datafield tag="653" ind2=" " ind1=" ">
      <subfield code="a">Negociaciones colectivas</subfield>
   </datafield>
   <datafield tag="653" ind2=" " ind1=" ">
      <subfield code="a">Trabajo y familia</subfield>
   </datafield>
   <datafield ind2="0" ind1="0" tag="245">
      <subfield code="a">Sesgo de género en la negociación colectiva de medidas de conciliación el caso andaluz.</subfield>
   </datafield>
</record>
</metadata></record></GetRecord></OAI-PMH>